[Event "1st Hainan Open 2016"]
[Site "Danzhou CHN"]
[Date "2016.12.13"]
[Round "6.18"]
[White "Ooi, Zhi Yang"]
[Black "Wang, Jue"]
[Result "1-0"]
[WhiteTitle "IM"]
[BlackTitle "WGM"]
[WhiteElo "2211"]
[BlackElo "2364"]
[WhiteFideId "5709270"]
[BlackFideId "8604070"]
[EventDate "2016.12.07"]

1. d4 Nf6 2. c4 g6 3. Nc3 Bg7 4. e4 d6 5. Bd3 O-O 6. Nge2 Nc6 7. O-O e5 8. d5
Nd4 9. Ng3 Nd7 10. Nce2 c5 11. Nxd4 cxd4 12. Qc2 a5 13. Bd2 h5 14. b3 Nc5 15. f3
h4 16. Nh1 f5 17. Nf2 Bd7 18. Kh1 Rc8 19. Rac1 b5 20. Qb1 Rb8 21. Qc2 Bf6 22.
Be2 Bg5 23. cxb5 Bxb5 24. Bxb5 Rxb5 25. exf5 gxf5 26. f4 Bxf4 27. Bxf4 exf4 28.
Nh3 Qf6 29. Rxf4 Ne4 30. Rcf1 Rc5 31. Qd1 Qg7 32. Qh5 Qh7 33. Qe2 Qe7 34. Qh5
Qh7 35. Qf3 Nd2 36. Rg4+ Kh8 37. Qf4 Rxd5 38. Qxd2 fxg4 39. Rxf8+ Kg7 40. Rc8
Qg6 41. Nf4 Qh6 42. Rc7+ Kf8 43. Qc1 Re5 44. Rc8+ Re8 45. Rxe8+ Kxe8 46. Qc8+
Ke7 47. Nd5+ Kf7 48. Qd7+ Kf8 49. Qe7+ Kg8 50. Nf6+ Kh8 51. Qe8+ Kg7 52. Nh5+
Kh7 53. Qf7+ Kh8 54. Nf4 Qg7 55. Qxg7+ Kxg7 56. Ne6+ Kf6 57. Nxd4 Ke5 58. Nc6+
Ke4 59. Nxa5 d5 60. Nc6 g3 61. hxg3 hxg3 62. Kg1 Ke3 63. a4 1-0

[Event "1st Hainan Open 2016"]
[Site "Danzhou CHN"]
[Date "2016.12.14"]
[Round "7.1"]
[White "Tsydypov, Zhamsaran"]
[Black "Yu, Yangyi"]
[Result "0-1"]
[WhiteTitle "IM"]
[BlackTitle "GM"]
[WhiteElo "2460"]
[BlackElo "2729"]
[WhiteFideId "4108566"]
[BlackFideId "8603820"]
[EventDate "2016.12.07"]

1. e4 c5 2. Nf3 d6 3. d4 cxd4 4. Nxd4 Nf6 5. Nc3 a6 6. Bg5 Nbd7 7. Bc4 Qb6 8.
Qd2 Qxb2 9. Rb1 Qa3 10. O-O Qc5 11. Bd5 e6 12. Rfe1 Ne5 13. Na4 Qc7 14. Nb6 Rb8
15. f4 Be7 16. fxe5 dxe5 17. Bb3 O-O 18. Nxc8 Bc5 19. c3 Rfxc8 20. Bxf6 gxf6 21.
Rbd1 exd4 22. cxd4 Bf8 23. Qf2 Bg7 24. Re3 Qa5 25. d5 Qb6 26. Rf1 Kh8 27. Kh1
Rc7 28. Qf4 Rbc8 29. Rg3 e5 30. Qg4 Bh6 31. Qf5 Rc1 32. Bd1 R8c3 33. Rxc3 Rxc3
34. Bh5 Kg7 35. Qg4+ Kf8 36. Qd7 Qc7 37. Qf5 Rc1 38. Qxf6 Bf4 39. Qh8+ Ke7 40.
d6+ Qxd6 41. Rxc1 Bxc1 42. Qc8 Qc6 43. Qxc6 bxc6 44. Kg1 f5 45. exf5 e4 46. Kf2
Kf6 47. Be2 a5 48. Ba6 Kxf5 49. Ke2 Ke5 50. Kd1 Be3 51. Bb7 c5 52. Kc2 Kd4 53.
Ba6 Bf4 54. h3 Bg3 55. Bb7 h5 56. Bc6 h4 57. Bb7 c4 58. Bc6 c3 59. Bb7 Be1 60.
Bc6 Ke3 61. Bb7 Kf4 62. Bc6 e3 63. Kd3 Kg3 64. Bf3 Kf2 65. Kc2 e2 66. Kd3 c2 67.
Kxc2 Bb4 0-1

[Event "1st Hainan Open 2016"]
[Site "Danzhou CHN"]
[Date "2016.12.14"]
[Round "7.2"]
[White "Wen, Yang"]
[Black "Zhou, Jianchao"]
[Result "1/2-1/2"]
[WhiteTitle "GM"]
[BlackTitle "GM"]
[WhiteElo "2607"]
[BlackElo "2632"]
[WhiteFideId "8602956"]
[BlackFideId "8603537"]
[EventDate "2016.12.07"]

1. e4 c5 2. Nc3 d6 3. Nge2 e5 4. Nd5 Be7 5. Nec3 Nf6 6. Bc4 Nxd5 7. Nxd5 O-O 8.
d3 Be6 9. O-O Nd7 10. c3 Nb6 11. Nxb6 Qxb6 12. Qb3 Qxb3 13. axb3 Rfd8 14. Re1 h6
15. Bxe6 fxe6 16. Kf1 a5 17. Ke2 Bg5 18. Bxg5 hxg5 19. h3 b6 20. Kf1 Kf7 21. Re3
Kf6 22. Rf3+ Kg6 23. Rg3 Kf6 24. Rf3+ Kg6 25. Rg3 1/2-1/2

[Event "1st Hainan Open 2016"]
[Site "Danzhou CHN"]
[Date "2016.12.14"]
[Round "7.3"]
[White "Tan, Zhongyi"]
[Black "Xu, Yinglun"]
[Result "1/2-1/2"]
[WhiteTitle "WGM"]
[WhiteElo "2496"]
[BlackElo "2535"]
[WhiteFideId "8603642"]
[BlackFideId "8604940"]
[EventDate "2016.12.07"]

1. d4 d5 2. c4 e6 3. Nc3 Nf6 4. Bg5 Be7 5. e3 h6 6. Bh4 O-O 7. Nf3 b6 8. cxd5
Nxd5 9. Bxe7 Qxe7 10. Nxd5 exd5 11. Qb3 Be6 12. Rc1 Rc8 13. Be2 c5 14. Qa3 a5
15. O-O Qa7 16. dxc5 bxc5 17. Ne5 Nc6 18. Nxc6 1/2-1/2

[Event "1st Hainan Open 2016"]
[Site "Danzhou CHN"]
[Date "2016.12.14"]
[Round "7.4"]
[White "Lu, Shanglei"]
[Black "Yermolinsky, Alex"]
[Result "1/2-1/2"]
[WhiteTitle "GM"]
[BlackTitle "GM"]
[WhiteElo "2627"]
[BlackElo "2486"]
[WhiteFideId "8603332"]
[BlackFideId "2005492"]
[EventDate "2016.12.07"]

1. e4 c6 2. Nc3 d5 3. Nf3 Bg4 4. h3 Bxf3 5. Qxf3 Nf6 6. d3 e6 7. Bd2 Qb6 8. g4
d4 9. Nd1 c5 10. a3 Nc6 11. g5 Nd7 12. Qg3 g6 13. b3 h6 14. Nb2 hxg5 15. Bxg5
Qa5+ 16. Kd1 b5 17. Bg2 e5 18. h4 Bh6 19. h5 Bxg5 20. Qxg5 Qd8 21. Qg3 gxh5 22.
a4 b4 23. Bh3 Qf6 24. Ke2 Nf8 25. Bf5 Ng6 26. Bxg6 fxg6 27. Rhg1 Rg8 28. Raf1
Qf4 29. Qxf4 exf4 30. Rg5 Nd8 31. Rxc5 Ne6 32. Rb5 Ke7 33. Nc4 Rab8 34. Ra5 Rb7
35. Rg1 g5 36. Rh1 Rh8 37. Rf5 Rc7 38. Rb5 Kf6 39. f3 Rch7 40. Kf1 g4 41. Rf5+
Ke7 42. Ne5 Rc8 43. fxg4 Rxc2 44. Rhxh5 Rg7 45. Rh6 Rb2 46. Nc6+ Kd7 47. Nxa7
Rxg4 48. Rd5+ Ke8 49. Rxe6+ Kf7 50. Ree5 Rgg2 51. Rf5+ Ke6 52. Rde5+ Kd7 53.
Rd5+ Ke6 54. Rde5+ Kd7 55. Rd5+ Ke6 1/2-1/2

[Event "1st Hainan Open 2016"]
[Site "Danzhou CHN"]
[Date "2016.12.14"]
[Round "7.5"]
[White "Fang, Yuxiang"]
[Black "Sandipan, Chanda"]
[Result "1/2-1/2"]
[WhiteTitle "IM"]
[BlackTitle "GM"]
[WhiteElo "2510"]
[BlackElo "2593"]
[WhiteFideId "8605840"]
[BlackFideId "5004225"]
[EventDate "2016.12.07"]

1. d4 d5 2. c4 c6 3. cxd5 cxd5 4. Bf4 Nc6 5. e3 Nf6 6. Nc3 Bf5 7. Nf3 e6 8. Bd3
Bxd3 9. Qxd3 Bd6 10. Bxd6 Qxd6 11. O-O O-O 12. Rfc1 Rac8 13. h3 h6 14. Nb5 Qb8
15. Nc3 Rfd8 16. Ne2 Rc7 17. Nd2 Rdc8 18. Rc3 Ne8 19. Rac1 Nd6 20. a3 Na5 21. b3
Nc6 22. R3c2 a6 23. Nb1 b5 24. Nd2 Qb6 25. Rc5 Nb7 26. R5c2 Nd6 27. Rc5 b4 28.
a4 Nb7 29. R5c2 Nd6 30. Rc5 a5 31. Nf4 Nb8 32. Rxc7 Rxc7 33. Qb1 Nd7 34. Rc2 Qb7
35. Qc1 Rxc2 36. Qxc2 Qc8 37. Qxc8+ Nxc8 38. Kf1 Kf8 39. Ke2 Ke7 40. Nd3 Na7 41.
Nf3 f6 42. g4 Nc6 43. Nfe1 e5 44. Nc2 g5 45. f3 Kd6 46. Kd2 Nf8 47. Nc1 Ng6 48.
Ne2 Nh4 49. Ne1 Nd8 50. f4 e4 51. Ng3 f5 52. Ke2 Ke6 53. Kf2 Kf6 54. Nh5+ Kg6
55. Ng3 Ne6 56. Ng2 fxg4 57. hxg4 Nxg2 58. f5+ Kf6 59. Kxg2 Nf8 60. Kf2 Kf7 61.
Ke2 Nd7 62. Nh5 Ke7 63. Kd2 Nf6 64. Nxf6 1/2-1/2

[Event "1st Hainan Open 2016"]
[Site "Danzhou CHN"]
[Date "2016.12.14"]
[Round "7.6"]
[White "Zhao, Zong-Yuan"]
[Black "Peng, Xiongjian"]
[Result "0-1"]
[WhiteTitle "GM"]
[WhiteElo "2544"]
[BlackElo "2362"]
[WhiteFideId "3202534"]
[BlackFideId "8610550"]
[EventDate "2016.12.07"]

1. c4 e5 2. Nc3 Nf6 3. Nf3 Nc6 4. g3 Bc5 5. Bg2 O-O 6. O-O d6 7. d3 a5 8. e3 Bb6
9. b3 h6 10. Bb2 Bf5 11. d4 exd4 12. Nd5 Nxd5 13. cxd5 Nb4 14. Nxd4 Bg6 15. Qd2
Re8 16. Bc3 Nd3 17. Rad1 Nc5 18. f3 Qg5 19. e4 Qxd2 20. Rxd2 f5 21. exf5 Bxf5
22. Rfd1 Re3 23. Ba1 Bd7 24. Bf1 a4 25. b4 Na6 26. b5 Nc5 27. Kg2 Rae8 28. Nc2
R3e7 29. Bc3 Kh8 30. g4 Rf8 31. Bd4 Ref7 32. Ne3 Ba5 33. Rc2 Rxf3 34. Nc4 Bxg4
35. Be2 Bb6 36. Nxb6 cxb6 37. Bg1 Bh3+ 38. Kh1 Bf5 39. Rxc5 Rf4 40. Be3 Be4+ 41.
Kg1 bxc5 42. Bxf4 Rxf4 43. b6 Rf5 44. Bc4 Kg8 0-1

[Event "1st Hainan Open 2016"]
[Site "Danzhou CHN"]
[Date "2016.12.14"]
[Round "7.7"]
[White "Batchuluun, Tsegmed"]
[Black "Fang, Yan"]
[Result "1/2-1/2"]
[WhiteTitle "GM"]
[WhiteElo "2521"]
[BlackElo "2429"]
[WhiteFideId "4900847"]
[BlackFideId "8604746"]
[EventDate "2016.12.07"]

1. d4 Nf6 2. c4 d6 3. Nf3 Bf5 4. Nc3 g6 5. Qb3 Qc8 6. g3 Bg7 7. Bg2 Nc6 8. d5
Nd8 9. O-O O-O 10. Bd2 Bh3 11. e4 Bxg2 12. Kxg2 e5 13. Ne1 Nd7 14. Nd3 Nf6 15.
Ne1 Nd7 16. Nd3 f5 17. f3 Nf7 18. Qc2 Nf6 19. Rae1 Qd7 20. f4 fxe4 21. Nxe4 Nxe4
22. Rxe4 Rae8 23. Bc3 c6 24. dxc6 bxc6 25. fxe5 Ng5 26. Ref4 Rxf4 27. Nxf4 dxe5
28. Qd3 Qc8 29. Ne2 Qh3+ 30. Kg1 Rf8 31. Rxf8+ Bxf8 32. Qe3 Qf5 33. h4 Ne4 34.
Kg2 Bc5 35. Qf3 Nxc3 36. Nxc3 Bd4 37. Qxc6 Qf2+ 38. Kh3 Qf1+ 39. Qg2 Qxc4 40.
Qf3 Bxc3 41. Qa8+ Kf7 42. Qxa7+ Ke6 43. bxc3 Qf1+ 44. Kh2 Qe2+ 45. Kg1 Qe1+ 46.
Kg2 Qe4+ 47. Kg1 Qe1+ 48. Kg2 Qe4+ 49. Kg1 1/2-1/2

[Event "1st Hainan Open 2016"]
[Site "Danzhou CHN"]
[Date "2016.12.14"]
[Round "7.8"]
[White "Werle, Jan"]
[Black "Li, Yankai"]
[Result "1/2-1/2"]
[WhiteTitle "GM"]
[WhiteElo "2560"]
[BlackElo "2324"]
[WhiteFideId "1006088"]
[BlackFideId "8609357"]
[EventDate "2016.12.07"]

1. d4 Nf6 2. c4 e6 3. Nf3 d5 4. Nc3 c5 5. cxd5 cxd4 6. Qxd4 exd5 7. Bg5 Be7 8.
e3 Nc6 9. Qa4 O-O 10. Be2 h6 11. Bh4 Qb6 12. Qb5 Qxb5 13. Bxb5 Be6 14. O-O Rfd8
15. Rfd1 g5 16. Bg3 Ne4 17. Ne2 Nxg3 18. hxg3 Bf6 19. Nfd4 Nxd4 20. Nxd4 Rac8
21. Ba4 Kf8 22. Rd2 Bxd4 23. Rxd4 Rc4 24. Rad1 Rxd4 25. Rxd4 Rc8 26. Rd1 Rc4 27.
Bb3 Rb4 28. Rd3 Ke7 29. f3 a5 30. a3 Rb6 31. g4 d4 32. Bxe6 fxe6 33. b3 dxe3 34.
Rxe3 Rc6 35. Re5 Rb6 36. Re3 Rc6 37. Re5 Rb6 38. Rxa5 Rxb3 39. Kf2 Kf6 40. a4
Ra3 41. Rb5 Rxa4 42. Rxb7 Ra2+ 43. Kg3 Ra3 1/2-1/2

[Event "1st Hainan Open 2016"]
[Site "Danzhou CHN"]
[Date "2016.12.14"]
[Round "7.9"]
[White "Rapport, Richard"]
[Black "Liu, Yan"]
[Result "1-0"]
[WhiteTitle "GM"]
[BlackTitle "FM"]
[WhiteElo "2717"]
[BlackElo "2403"]
[WhiteFideId "738590"]
[BlackFideId "8608962"]
[EventDate "2016.12.07"]

1. e4 c5 2. Nc3 Nc6 3. Nf3 e5 4. g3 d6 5. Bg2 g6 6. d3 Bg7 7. a3 Nge7 8. h4 Bg4
9. Qd2 Qd7 10. Nd1 h6 11. Ne3 Be6 12. b4 cxb4 13. axb4 d5 14. c4 dxe4 15. dxe4
Qxd2+ 16. Bxd2 O-O 17. O-O a6 18. Nd5 b5 19. Nc7 Bxc4 20. Nxa8 Bxf1 21. Bxf1
Rxa8 22. Bxb5 Rb8 23. Bxa6 Nxb4 24. Bc4 Nbc6 25. Kg2 Kf8 26. Ra6 Ke8 27. Be3 Nb4
28. Ra5 Nec6 29. Ra4 Bf8 30. Bd2 f6 31. h5 gxh5 32. Nh4 Kd7 33. Nf5 Kc7 34. Ra1
Rd8 35. Bc3 Kb6 36. Ne3 Rb8 37. Rb1 Kc7 38. Rh1 Bc5 39. Nf5 Nd4 40. Ng7 Bf8 41.
Nxh5 Rb6 42. Rb1 Ndc2 43. Nxf6 Rxf6 44. Bxe5+ Rd6 45. Bb3 Kd7 46. Bxc2 Nxc2 47.
Rb7+ Ke6 48. Bxd6 Bxd6 49. f4 Nd4 50. Rb6 Kd7 51. Kh3 Bf8 52. Kg4 Ke7 53. Rb4
Bg7 54. e5 Nc6 55. Rb7+ Kf8 56. Kf5 Kg8 57. Kg6 Bf8 58. Kf6 Nb4 59. Rd7 1-0

[Event "1st Hainan Open 2016"]
[Site "Danzhou CHN"]
[Date "2016.12.14"]
[Round "7.10"]
[White "Li, Bo"]
[Black "Jumabayev, Rinat"]
[Result "0-1"]
[WhiteTitle "IM"]
[BlackTitle "GM"]
[WhiteElo "2364"]
[BlackElo "2611"]
[WhiteFideId "8602786"]
[BlackFideId "13702661"]
[EventDate "2016.12.07"]

1. Nf3 Nf6 2. g3 e6 3. Bg2 b5 4. Nd4 c6 5. Nxb5 cxb5 6. Bxa8 d5 7. d4 Bd7 8. Bf4
Qc8 9. Be5 Na6 10. Bxf6 gxf6 11. Bxd5 exd5 12. O-O Nc7 13. Re1 Bg7 14. Nd2 O-O
15. c3 Bc6 16. Kg2 Ne8 17. Nf3 Nd6 18. Qc1 Re8 19. Qf4 Ne4 20. Nh4 Bd7 21. f3
Ng5 22. g4 h5 23. h3 Qc4 24. Qd2 Qc7 25. Qd3 Bf8 26. e3 b4 27. cxb4 Bxb4 28. Re2
Qb6 29. a4 a5 30. Nf5 Bc8 31. Qb5 Qe6 32. Rc2 Ba6 33. Qc6 Bd3 34. Rcc1 Bxf5 35.
gxf5 Qxe3 36. Qxd5 Qd2+ 37. Kg3 h4+ 38. Kxh4 Qf4+ 39. Kh5 Kg7 0-1

[Event "1st Hainan Open 2016"]
[Site "Danzhou CHN"]
[Date "2016.12.14"]
[Round "7.11"]
[White "Hamitevici, Vladimir"]
[Black "Zhao, Yuanhe"]
[Result "1/2-1/2"]
[WhiteTitle "IM"]
[WhiteElo "2477"]
[BlackElo "2351"]
[WhiteFideId "13902393"]
[BlackFideId "8609497"]
[EventDate "2016.12.07"]

1. d4 d5 2. Nf3 Nf6 3. c4 c6 4. Qb3 e6 5. Nc3 Nbd7 6. Bf4 Be7 7. h3 O-O 8. g4
Qa5 9. cxd5 exd5 10. Bg2 b5 11. Rc1 b4 12. Qa4 Qxa4 13. Nxa4 Ba6 14. Nd2 Bb5 15.
b3 Rfe8 16. e3 Nf8 17. Bf1 Ne6 18. Be5 Rac8 19. Kd1 Bxf1 20. Rxf1 Nd7 21. Nf3
Ng5 22. Nxg5 Nxe5 23. dxe5 Bxg5 24. f4 Bd8 25. e4 dxe4 26. Re1 g5 27. Rxe4 gxf4
28. Ke2 Bf6 29. Rc5 Rcd8 30. Kf3 Bg5 31. e6 h6 32. h4 Bxh4 33. Rxc6 fxe6 34. Nc5
Rd2 35. Rexe6 Rf2+ 36. Ke4 Re2+ 37. Kf3 Rf2+ 38. Ke4 Re2+ 1/2-1/2

[Event "1st Hainan Open 2016"]
[Site "Danzhou CHN"]
[Date "2016.12.14"]
[Round "7.12"]
[White "Gusain, Himal"]
[Black "Xu, Minghui"]
[Result "1-0"]
[WhiteElo "2448"]
[BlackElo "2341"]
[WhiteFideId "5033861"]
[BlackFideId "8606790"]
[EventDate "2016.12.07"]

1. e4 c6 2. d4 d5 3. e5 Bf5 4. h4 h5 5. Bd3 Bxd3 6. Qxd3 e6 7. Bg5 Be7 8. Nf3
Nh6 9. Bxh6 Rxh6 10. Nbd2 Kf8 11. g3 c5 12. dxc5 Na6 13. O-O-O Nxc5 14. Qe2 Qa5
15. Kb1 Qa4 16. Ng5 Qg4 17. Ndf3 Ne4 18. Qe3 Qf5 19. Nxe4 dxe4 20. Ng5 Qxe5 21.
f4 Qb5 22. Nxe4 Rg6 23. Rd3 a5 24. Rhd1 Kg8 25. Rd7 Bf6 26. c3 a4 27. a3 Qc6 28.
Qe2 Ra5 29. Ng5 Qb6 30. Qxh5 Bxg5 31. hxg5 Rd5 32. Rh1 1-0

[Event "1st Hainan Open 2016"]
[Site "Danzhou CHN"]
[Date "2016.12.14"]
[Round "7.13"]
[White "Dai, Changren"]
[Black "Zhang, Ziji"]
[Result "1-0"]
[WhiteElo "2436"]
[BlackElo "2329"]
[WhiteFideId "8608156"]
[BlackFideId "8609470"]
[EventDate "2016.12.07"]

1. e4 e5 2. Nf3 Nc6 3. Bb5 a6 4. Ba4 Nf6 5. O-O Be7 6. Re1 b5 7. Bb3 d6 8. c3
O-O 9. h3 Re8 10. d4 Bb7 11. Ng5 Rf8 12. Nf3 Re8 13. Nbd2 Bf8 14. a3 h6 15. Bc2
Nb8 16. b4 Nbd7 17. Bb2 a5 18. Bd3 c6 19. Nb3 axb4 20. cxb4 exd4 21. Na5 Rxa5
22. bxa5 c5 23. Bxb5 Qxa5 24. a4 Rxe4 25. Rxe4 Bxe4 26. Nd2 Bd5 27. Nc4 Qa8 28.
Qf1 Qb7 29. Bc1 g5 30. f3 Nb8 31. Bd2 Bxc4 32. Qxc4 d5 33. Qd3 Nbd7 34. Kh1 c4
35. Qxd4 Bc5 36. Qc3 Nh5 37. Re1 Qb8 38. f4 Ndf6 39. g4 Ne4 40. Rxe4 dxe4 41.
gxh5 e3 42. Be1 Qxf4 43. Qxc4 Qf3+ 44. Kg1 Qf5 45. Kg2 Qe5 46. Qe2 Qe4+ 47. Qf3
Qc2+ 48. Kf1 Qc1 49. Qd5 Bb6 50. Bc4 e2+ 51. Kxe2 Qe3+ 52. Kd1 1-0

[Event "1st Hainan Open 2016"]
[Site "Danzhou CHN"]
[Date "2016.12.14"]
[Round "7.14"]
[White "Chu, Wei Chao"]
[Black "Xu, Yi"]
[Result "0-1"]
[WhiteTitle "IM"]
[BlackTitle "IM"]
[WhiteElo "2281"]
[BlackElo "2430"]
[WhiteFideId "8605661"]
[BlackFideId "8605564"]
[EventDate "2016.12.07"]

1. Nf3 Nf6 2. b3 e6 3. Bb2 d5 4. e3 b6 5. Be2 g6 6. c4 Bg7 7. cxd5 exd5 8. d4
O-O 9. Nc3 Re8 10. O-O c6 11. b4 Bb7 12. Qb3 Nbd7 13. Rfd1 Qe7 14. Ne5 a6 15. a4
b5 16. a5 Rad8 17. f4 Nb8 18. Bf3 Bc8 19. Rac1 Be6 20. Ne2 Rc8 21. Bc3 Ne4 22.
Be1 f6 23. Nd3 Bf7 24. Qb1 Nd6 25. Bf2 g5 26. fxg5 fxg5 27. Ne5 Bxe5 28. dxe5
Nc4 29. Bg4 Bg6 30. Qb3 Nd7 31. Nd4 Ndxe5 32. Bxc8 Rxc8 33. e4 dxe4 34. Bg3 c5
35. bxc5 Qxc5 36. Bxe5 Qxe5 37. Kh1 Kh8 38. Qh3 Re8 39. Ne2 e3 40. Qh6 Nd2 41.
Re1 b4 42. Rc6 Rg8 43. Rxa6 b3 44. Rc6 b2 45. Nc3 Ne4 46. Nxe4 Bxe4 47. Rb6 Qc3
48. Rg1 e2 49. Rxb2 e1=Q 0-1

[Event "1st Hainan Open 2016"]
[Site "Danzhou CHN"]
[Date "2016.12.14"]
[Round "7.15"]
[White "Liu, Guanchu"]
[Black "Ooi, Zhi Yang"]
[Result "1-0"]
[WhiteTitle "IM"]
[BlackTitle "IM"]
[WhiteElo "2418"]
[BlackElo "2211"]
[WhiteFideId "8603901"]
[BlackFideId "5709270"]
[EventDate "2016.12.07"]

1. e4 e5 2. Nf3 Nc6 3. Bc4 Bc5 4. O-O Nf6 5. d3 a6 6. c3 Ba7 7. a4 h6 8. Re1 O-O
9. Nbd2 d6 10. Nf1 Be6 11. Bb3 Qd7 12. Bc4 Qd8 13. Bb3 Qd7 14. Be3 Bxe3 15. Nxe3
Rad8 16. a5 Ne7 17. Bc2 Ng6 18. d4 Qc8 19. b4 Rfe8 20. Qb1 Bg4 21. Nd2 Nf4 22.
f3 Bd7 23. d5 g5 24. Ba4 c6 25. Ndc4 Qc7 26. Nb6 g4 27. fxg4 Bxg4 28. Nxg4 Nxg4
29. Qd1 Nf6 30. Qb1 Ng4 31. Qd1 Nf6 32. g3 Nh3+ 33. Kg2 Ng5 34. h4 Ngh7 35. Qd3
cxd5 36. Bxe8 dxe4 37. Qc4 Qxc4 38. Nxc4 Nxe8 39. Rxe4 f5 40. Re3 Kf7 41. Rd1 e4
42. g4 fxg4 43. Rxe4 1-0

[Event "1st Hainan Open 2016"]
[Site "Danzhou CHN"]
[Date "2016.12.14"]
[Round "7.16"]
[White "Nguyen, Thi Mai Hung"]
[Black "Kulkarni, Bhakti"]
[Result "1-0"]
[WhiteTitle "WGM"]
[BlackTitle "CM"]
[WhiteElo "2357"]
[BlackElo "2281"]
[WhiteFideId "12401676"]
[BlackFideId "5019516"]
[EventDate "2016.12.07"]

1. d4 d5 2. Bf4 Nf6 3. e3 c5 4. dxc5 Nc6 5. Bb5 Qa5+ 6. Nc3 a6 7. Bxc6+ bxc6 8.
Qd4 e6 9. b4 Qa3 10. Nge2 a5 11. b5 Bxc5 12. Qa4 O-O 13. b6 Bb7 14. Rb1 Ne8 15.
Rb3 Qxa4 16. Nxa4 Be7 17. Nd4 c5 18. Nb5 Bc6 19. O-O f6 20. b7 Bxb7 21. Nc7 Nxc7
22. Rxb7 e5 23. Rxc7 Bd8 24. Rxc5 exf4 25. exf4 Be7 26. Rxd5 Rac8 27. c3 Rc4 28.
Rxa5 Rxf4 29. Rd1 Rc8 30. Nb6 Bd8 31. Nxc8 Bxa5 32. Rd4 Rxd4 33. cxd4 Kf7 34.
Kf1 Ke6 35. Ke2 Bc7 36. h3 Kd5 37. Kd3 g6 38. Na7 Bb6 39. Nb5 Ba5 40. Nc3+ Kd6
41. Kc4 f5 42. Nb5+ Kc6 43. d5+ Kb6 44. Nd4 Be1 45. f3 Bg3 46. Ne6 Bd6 47. Ng5
h6 48. Nf7 Bf4 49. Nh8 g5 50. Nf7 1-0

[Event "1st Hainan Open 2016"]
[Site "Danzhou CHN"]
[Date "2016.12.14"]
[Round "7.17"]
[White "Chen, Qi b"]
[Black "Lin, Yi"]
[Result "1-0"]
[WhiteElo "2290"]
[BlackElo "2422"]
[WhiteFideId "8614733"]
[BlackFideId "8609659"]
[EventDate "2016.12.07"]

1. e4 e5 2. Nf3 Nf6 3. Nxe5 d6 4. Nf3 Nxe4 5. d4 d5 6. Bd3 Nc6 7. O-O Be7 8. c4
Nb4 9. Be2 O-O 10. Nc3 Bf5 11. a3 Nxc3 12. bxc3 Nc6 13. Re1 Re8 14. Ra2 Na5 15.
cxd5 Qxd5 16. Rb2 c6 17. Ne5 Bxa3 18. Bf3 Qd8 19. Rbe2 Bxc1 20. Nxc6 Qd7 21.
Nxa5 Ba3 22. Nxb7 Rxe2 23. Rxe2 Rb8 24. Ra2 Qe7 25. Qe2 Qxe2 26. Rxe2 Rc8 27.
Re3 g6 28. g4 Bd7 29. c4 Bb2 30. c5 a5 31. Re2 Bc3 32. Rc2 Bb4 33. c6 Be8 34. d5 1-0

[Event "1st Hainan Open 2016"]
[Site "Danzhou CHN"]
[Date "2016.12.14"]
[Round "7.18"]
[White "Nie, Xinyang"]
[Black "Rapport, Jovana"]
[Result "1/2-1/2"]
[BlackTitle "WGM"]
[WhiteElo "2239"]
[BlackElo "2341"]
[WhiteFideId "8607222"]
[BlackFideId "937266"]
[EventDate "2016.12.07"]

1. d4 e6 2. Nf3 Nf6 3. Bg5 Be7 4. Nbd2 h6 5. Bxf6 Bxf6 6. e4 g5 7. h3 b6 8. Bd3
Bb7 9. c3 Qe7 10. Qe2 Bg7 11. O-O-O d6 12. g4 Nd7 13. h4 O-O-O 14. Rh3 Kb8 15.
Qe3 f6 16. h5 Rhe8 17. Nf1 Qf8 18. Qd2 d5 19. exd5 Bxd5 20. Ne3 Bxa2 21. Qc2 Bd5
22. Nxd5 exd5 23. Qa4 Qd6 24. Kc2 c6 25. Ra1 Qc7 26. Rhh1 Nf8 27. Ra2 Ne6 28.
Rha1 Re7 29. Bf5 Rd6 30. Qb3 Qd8 31. Ra6 Bf8 32. Qa4 Qc7 33. Qb3 Nf4 34. Nd2 Rd8
35. Qa4 Nh3 36. c4 dxc4 37. Nxc4 Rxd4 38. Rxb6+ Qxb6 39. Nxb6 Rxa4 40. Nxa4 Re2+
41. Kb3 Nxf2 42. Nc3 Re5 43. Rf1 Bc5 44. Nd1 Nh3 45. Nc3 Bd4 46. Rd1 c5 47. Nb5
Nf2 48. Rd2 Ne4 49. Rd3 Nf2 50. Rd2 Re3+ 51. Kc4 Ne4 52. Bxe4 Rxe4 53. Nxd4 cxd4
54. Rxd4 Rxd4+ 55. Kxd4 Kc7 56. Ke4 Kd6 57. Kf5 Ke7 58. b4 a6 59. Kg6 Ke6 60.
Kxh6 Kf7 61. Kh7 f5 62. h6 fxg4 63. b5 axb5 64. Kh8 g3 65. h7 Ke7 66. Kg8 g2 67.
h8=Q g1=Q 68. Qe5+ Kd8 69. Qd6+ Kc8 70. Qc6+ Kb8 71. Qxb5+ Kc7 72. Qe5+ Kc6 73.
Qe8+ Kd6 74. Qb8+ Ke6 75. Qe8+ Kd6 76. Qd8+ Kc6 77. Qc8+ Kb5 78. Qd7+ Kb4 79.
Qd2+ Kc5 80. Qc3+ Kd5 81. Qb3+ Ke5 82. Qb8+ Ke4 83. Qb7+ Kd3 84. Qa6+ Ke4 85.
Qe6+ Kf4 86. Qf6+ Kg4 87. Qe6+ Kg3 88. Qd6+ Kf3 89. Qc6+ Kg3 90. Qd6+ Kg4 91.
Qe6+ 1/2-1/2

[Event "1st Hainan Open 2016"]
[Site "Danzhou CHN"]
[Date "2016.12.15"]
[Round "8.1"]
[White "Yu, Yangyi"]
[Black "Xu, Yinglun"]
[Result "1/2-1/2"]
[WhiteTitle "GM"]
[WhiteElo "2729"]
[BlackElo "2535"]
[WhiteFideId "8603820"]
[BlackFideId "8604940"]
[EventDate "2016.12.07"]

1. d4 d5 2. c4 e6 3. Nf3 Nf6 4. g3 Bb4+ 5. Bd2 Be7 6. Bg2 O-O 7. O-O Nbd7 8. Qc2
c6 9. Rd1 b6 10. Bf4 Ba6 11. cxd5 cxd5 12. Ne5 Bb7 13. Nc6 Bxc6 14. Qxc6 Qc8 15.
Qb5 Qb7 16. Nc3 Rac8 17. Qd3 Nh5 18. Bd2 Nhf6 19. Rac1 h6 20. h3 a6 21. a4 Nb8
22. e4 dxe4 23. Nxe4 Qd7 24. Nxf6+ Bxf6 25. d5 exd5 26. Bxd5 Qxa4 27. b3 Qd7 28.
Kg2 Nc6 29. Bc3 Bxc3 30. Qxc3 Nb4 31. Bc4 Qb7+ 32. Qf3 Qxf3+ 33. Kxf3 b5 34. Be2
Rfe8 35. Bf1 Kf8 36. h4 h5 37. Bh3 Rxc1 38. Rxc1 Rd8 39. Ke4 Rd3 40. Rc8+ Ke7
41. Rc7+ Kf6 42. Bd7 Rd6 43. Bc8 g6 44. f3 Rd1 45. g4 hxg4 46. fxg4 Kg7 47. h5
gxh5 48. gxh5 Rh1 49. Rc5 Rh4+ 50. Ke3 Kh6 51. Rf5 Rxh5 52. Ke4 1/2-1/2

[Event "1st Hainan Open 2016"]
[Site "Danzhou CHN"]
[Date "2016.12.15"]
[Round "8.2"]
[White "Tan, Zhongyi"]
[Black "Wen, Yang"]
[Result "1/2-1/2"]
[WhiteTitle "WGM"]
[BlackTitle "GM"]
[WhiteElo "2496"]
[BlackElo "2607"]
[WhiteFideId "8603642"]
[BlackFideId "8602956"]
[EventDate "2016.12.07"]

1. d4 d5 2. c4 e6 3. Nf3 c6 4. cxd5 exd5 5. Nc3 Bf5 6. Bf4 Bd6 7. Bxd6 Qxd6 8.
e3 Nd7 9. Nh4 Bg6 10. h3 Ne7 11. Nxg6 Qxg6 12. Qg4 Qc2 13. Qe2 Qg6 14. Qg4 Nc8
15. Qxg6 hxg6 16. Bd3 Nd6 17. Rc1 g5 18. f3 Nb6 19. e4 dxe4 20. fxe4 Rd8 21. O-O
Rh6 22. b3 Re6 23. e5 Ndc8 24. Bf5 Rh6 1/2-1/2